Lord of the Mysteries - The Death Pathway - Statistics

General Stats
  • This quiz has been taken 37 times
  • The average score is 8 of 10
Answer Stats
Sequence Number Name of Potion % Correct
Sequence 9 Corpse Collector
100%
Sequence 0 The Death
100%
Sequence 2 Death Consul
90%
Sequence 7 Spirit Medium
90%
Sequence 4 Undying
85%
Sequence 5 Gatekeeper
70%
Sequence 8 Gravedigger
65%
Sequence 1 Pale Emperor
65%
Sequence 6 Spirit Guide
65%
Sequence 3 Ferryman
60%
No matching quizzes found
Score Distribution
Percent of People with Each Score
Percentile by Number Answered
Your Score History
You have not taken this quiz